Statistics for Arctic and Antarctic bros

Click here to take the quiz!

General Stats

  • This quiz has been taken 24 times
  • The average score is 12 of 13

Answer Stats

Arctic Circle% Correct
Argentina
100%
Australia
100%
Chile
100%
Finland
100%
Norway
100%
Russia
100%
Sweden
100%
Canada
94%
Denmark
94%
Iceland
94%
New Zealand
94%
United States
88%
South Africa
82%

Score Distribution

Percentile by Number Answered

Percent of People with Each Score

Your Score History

You have not taken this quiz